|
|
|
|
| LEADER |
00000nab a2200000 a 4500 |
| 001 |
vtls000406480 |
| 003 |
SK-MaSNL |
| 005 |
20260304171108.0 |
| 008 |
230223c19901991xo 0 slo |
| 015 |
|
|
|a SNBRB19rr/mm-uuuuu
|
| 035 |
|
|
|a CL0406604
|
| 035 |
|
|
|a urn:nbn:sk:snk-ab1e4o
|
| 035 |
|
|
|a (urnnbn)urn:nbn:sk:snk:ar-004y9g
|
| 035 |
|
|
|a (uuid)fd0428cd-da6d-4bdd-a903-80d393cb2088
|
| 040 |
|
|
|a SNKBUCL
|b slo
|c SNKBUCL
|e AACR2
|
| 041 |
0 |
|
|a slo
|
| 044 |
|
|
|a xo
|c SK
|
| 080 |
|
|
|a 373.2
|2 1981
|
| 245 |
0 |
0 |
|a Uverejňujeme návrh zákona SNR o školských zariadeniach
|
| 630 |
0 |
7 |
|a Zákon SNR o školských zariadeniach
|2 snkbucl
|9 1499251
|
| 650 |
0 |
7 |
|a predškolské zariadenia
|2 snkbucl
|9 70017
|
| 655 |
|
7 |
|a články z novín a časopisov
|2 snkbucl
|9 267496
|
| 773 |
0 |
|
|t Predškolská výchova
|g Roč. 45, č. 4 (1990/1991), s. 4
|
| 850 |
|
|
|a Slovenská národná knižnica v Martine
|a MTA001
|
| 852 |
|
|
|a SNK
|b KIS3GCP
|
| 954 |
|
|
|a odborná, vedecká literatúra pôvodná (slovenská)
|2 lita
|
| 958 |
|
|
|a RK
|
| 958 |
|
|
|a OND
|
| 958 |
|
|
|a EUIPO
|
| 958 |
|
|
|a article27
|
| 992 |
|
|
|a RBX
|
| 999 |
|
|
|c 2991538
|d 2993468
|